000 010920am a22003010004500
003 EG-GiCUC
008 080412s1995 ua c f 000 0bara d
017 _a1994 / 10852
_bمصر.دار الكتب
020 _a9772701855
040 _aEG-GiCUC
_bara
_cEG-GiCUC
043 _af-ua---
092 0 4 _a962.054
_bM2142
_221
099 _a04
_a962.054 M2142
100 1 _aالمحلاوى : حنفى
245 1 2 _aالملكة نازلى /
_cحنفى المحلاوى
246 3 4 _aالملكة نازلى بين سجن الحريم و كرسى العرش
250 _aط1
260 _aالقاهرة :
_bالدار المصرية اللبنانية :
_c1995
300 _a272ص :
_bصور ؛
_c22سم
651 7 _aمصر
_xالملكات
_2qrmak
651 7 _aمصر
_xالملوك و الحكام
_2qrmak
651 7 _aمصر
_xتاريخ
_yالعصر الحديث
_2qrmak
902 _a1
905 _aبلتاجى
_eمراجع
905 _aجمال
_eمدخل
942 _2ddc
_cBK
999 _c99650
_d99650